000 00331nam a2200133Ia 4500
005 20260328104314.0
008 260328s9999||||xx |||||||||||||| ||und||
100 _aRamírez, Alfonso
245 0 _aUn pensamiento que se habita /
_cAlfonso Ramírez
260 _bRaices
300 _a87 p.
650 _aARQUITECTURA
942 _cBK
999 _c11081
_d11081